Eramos mentirosos

Αποθηκεύτηκε σε:
Λεπτομέρειες βιβλιογραφικής εγγραφής
Κύριος συγγραφέας: Lockhart, E. (autora)
Μορφή: Βιβλίο
Γλώσσα:Ισπανικά
Έκδοση: Barcelona Salamandra 2015
Έκδοση:1a. ed
Θέματα:
Ετικέτες: Προσθήκη ετικέτας
Δεν υπάρχουν, Καταχωρήστε ετικέτα πρώτοι!

MARC

LEADER 00000cam a2200000 a 4500
001 UCD6187
003 CL-VaPUC
008 161124e20150000sp |||||||||||||||||spa|d
020 |a 9788416555000 
082 0 4 |a 813  |b LOC  |2 21 
100 |a Lockhart, E.  |e autora  |9 589903 
245 1 0 |a Eramos mentirosos 
250 |a 1a. ed 
300 |a 283 p 
942 |c BK 
945 |d 20161124 22:47:00  |a dcastane 
260 |a Barcelona  |b Salamandra  |c 2015 
650 0 |a Novelas estadounidenses  |9 265217 
650 0 |a Literatura estadounidense  |9 317168 
583 |a last modification  |c 20161124 22:47:00  |k Rodrigo Vera 
999 |c 366552  |d 366550 
952 |0 0  |1 0  |3 erb  |4 0  |6 813_000000000000000_LOC_2015  |7 0  |8 A  |9 480838  |a BIBGIM  |b BIBGIM  |i 5349966  |l 2  |o 813 LOC 2015  |p 5349966  |r 2025-01-15  |s 2023-06-12  |w 2019-11-24  |y BK  |z Catalogado en:20161124  |k COM